[Event "83rd ch-UKR 2014"]
[Site "Lviv UKR"]
[Date "2014.11.15"]
[Round "5.2"]
[White "Ivanchuk, Vassily"]
[Black "Moiseenko, Alexander"]
[Result "1/2-1/2"]
[WhiteTitle "GM"]
[BlackTitle "GM"]
[WhiteElo "2726"]
[BlackElo "2701"]
[WhiteFideId "14100010"]
[BlackFideId "14102560"]
[EventDate "2014.11.11"]

1. c4 e5 2. Nc3 Bb4 3. Nd5 Bc5 4. Nf3 c6 5. Nc3 Qe7 6. g3 Nf6 7. Bg2 O-O 8. O-O
e4 9. Nh4 d5 10. cxd5 cxd5 11. d4 Bb4 12. Bg5 Bxc3 13. bxc3 Be6 14. Rb1 b6 15.
f3 exf3 16. Bxf6 Qxf6 17. Bxf3 Qg5 18. Ng2 Nd7 19. Nf4 Nf6 20. Qc1 h6 21. c4
Rad8 22. cxd5 Nxd5 23. Nxe6 fxe6 24. Qxg5 hxg5 25. Rb3 Nf6 26. Rd3 Rc8 27. Rfd1
Rc2 28. Re3 Kf7 29. a3 Rfc8 30. d5 exd5 31. Bxd5+ Kf8 32. Bb3 R2c3 33. Rd8+ Rxd8
34. Rxc3 Ke7 35. Kg2 g4 36. Ba4 Nd5 37. Rd3 Rd6 38. Kf2 Nf6 39. Re3+ Kd8 40. Bb3
Rc6 41. Rd3+ 1/2-1/2

[Event "83rd ch-UKR 2014"]
[Site "Lviv UKR"]
[Date "2014.11.15"]
[Round "5.3"]
[White "Ponomariov, Ruslan"]
[Black "Zubov, Alexander"]
[Result "1/2-1/2"]
[WhiteTitle "GM"]
[BlackTitle "GM"]
[WhiteElo "2711"]
[BlackElo "2588"]
[WhiteFideId "14103320"]
[BlackFideId "14109409"]
[EventDate "2014.11.11"]

1. c4 e6 2. Nc3 d5 3. d4 Nf6 4. cxd5 exd5 5. Bg5 c6 6. Qc2 Be7 7. e3 Nbd7 8. Bd3
Nh5 9. Bxe7 Qxe7 10. Nge2 Nb6 11. O-O-O Bd7 12. Kb1 O-O-O 13. Nc1 Kb8 14. Nb3
Nf6 15. Rhe1 Rhe8 16. f3 Be6 17. Nc5 Qc7 18. h3 Nbd7 19. Nxe6 Rxe6 20. e4 dxe4
21. fxe4 Nb6 22. Qf2 Re7 23. Bc2 h6 24. a3 Ka8 25. Bb3 Ne8 26. Rc1 Qd7 27. e5
Nc7 28. Ne4 Nbd5 29. Nd6 f6 30. Ka1 fxe5 31. dxe5 Re6 32. Bc2 g6 33. Qg3 Qe7 34.
Bxg6 Qg7 35. Qb3 Rb8 36. Bf5 Rxe5 37. g4 Qe7 38. Rxe5 Qxe5 39. Ne4 Ne6 40. Qg3
Qxg3 41. Nxg3 Nef4 42. h4 Rg8 43. Rf1 Kb8 44. Ne4 Kc7 45. g5 hxg5 46. hxg5 Rg7
47. Ka2 1/2-1/2

[Event "83rd ch-UKR 2014"]
[Site "Lviv UKR"]
[Date "2014.11.15"]
[Round "5.4"]
[White "Zubarev, Alexander1"]
[Black "Kovchan, Alexander"]
[Result "1/2-1/2"]
[WhiteTitle "GM"]
[BlackTitle "GM"]
[WhiteElo "2588"]
[BlackElo "2585"]
[WhiteFideId "14104385"]
[BlackFideId "14103052"]
[EventDate "2014.11.11"]

1. e4 d5 2. exd5 Qxd5 3. Nc3 Qd6 4. d4 g6 5. Nf3 Bg7 6. Nb5 Qb6 7. h3 c6 8. Na3
Nf6 9. Nc4 Qc7 10. Nce5 O-O 11. Bf4 Nd5 12. Bh2 Nd7 13. Bc4 Nxe5 14. Nxe5 Qa5+
15. c3 Be6 16. Bb3 c5 17. O-O cxd4 18. Qxd4 Rfd8 19. Rad1 Nf6 20. Nc4 Qd5 21.
Qe3 Qe4 22. Qxe4 Nxe4 23. Na5 Bxb3 24. axb3 Nc5 25. Bf4 Rdc8 26. b4 Na4 27. Rd2
b6 28. Nb3 a5 29. bxa5 bxa5 30. Rfd1 h5 31. f3 Nb6 32. Re2 a4 33. Na1 e6 34. Nc2
Nd5 35. Bd6 Nb6 36. Na3 Ra6 37. Be5 Bf8 38. Bd6 Bh6 39. Kf2 Nd5 40. Be5 Bf8 41.
c4 Bxa3 1/2-1/2

[Event "83rd ch-UKR 2014"]
[Site "Lviv UKR"]
[Date "2014.11.15"]
[Round "5.5"]
[White "Areshchenko, Alexander"]
[Black "Korobov, Anton"]
[Result "1/2-1/2"]
[WhiteTitle "GM"]
[BlackTitle "GM"]
[WhiteElo "2655"]
[BlackElo "2680"]
[WhiteFideId "14109530"]
[BlackFideId "14105730"]
[EventDate "2014.11.11"]

1. e4 e5 2. Nf3 Nc6 3. Bb5 a6 4. Ba4 Nf6 5. O-O Be7 6. d3 b5 7. Bb3 d6 8. a4 b4
9. Nbd2 O-O 10. Nc4 Be6 11. h3 h6 12. Re1 Qc8 13. Be3 Rd8 14. Qe2 a5 15. Rad1
Qa6 16. Ncd2 Bxb3 17. Nxb3 d5 18. exd5 Nxd5 19. Nfd2 f5 20. Qf3 Qc8 21. Nc4 Bf6
22. Bc1 Qd7 23. Kh1 Kh8 24. Re2 Nb6 25. Nxb6 cxb6 26. Rde1 Rab8 27. Qh5 f4 28.
Re4 Rbc8 29. d4 Nxd4 30. Nxd4 exd4 31. Bxf4 Kg8 32. Be5 Rc5 33. Qe2 Bxe5 34.
Rxe5 Rxe5 35. Qxe5 b3 36. cxb3 d3 37. Qe3 d2 38. Rd1 Qc6 39. Qc3 Qe6 40. Qc4 Rd5
41. Kg1 Kh8 42. Kf1 Qd7 43. Qc2 h5 44. Ke2 Qe7+ 45. Kf1 Qd6 46. Ke2 Qe5+ 47. Kf1
Qf4 48. Qc6 Qe4 49. Qc3 Qf4 50. Qc6 Qf5 51. Qc3 Qd7 52. Ke2 1/2-1/2

[Event "83rd ch-UKR 2014"]
[Site "Lviv UKR"]
[Date "2014.11.15"]
[Round "5.6"]
[White "Kuzubov, Yuriy"]
[Black "Kryvoruchko, Yuriy"]
[Result "1/2-1/2"]
[WhiteTitle "GM"]
[BlackTitle "GM"]
[WhiteElo "2661"]
[BlackElo "2706"]
[WhiteFideId "14112906"]
[BlackFideId "14109182"]
[EventDate "2014.11.11"]

1. d4 Nf6 2. c4 e6 3. Nc3 Bb4 4. e3 O-O 5. Ne2 Re8 6. a3 Bf8 7. Ng3 d5 8. Be2
dxc4 9. O-O c5 10. dxc5 Bxc5 11. Bxc4 a6 12. Be2 Be7 13. Bd2 Bd7 14. Qc2 Bc6 15.
e4 Nbd7 16. Bf4 Rc8 17. Rac1 Nf8 18. Rfd1 Qa5 19. Be3 Ng6 20. Qd2 Rcd8 21. Qe1
Qe5 22. f3 Nf4 23. Bf1 g5 24. Qf2 h6 25. Kh1 Rxd1 26. Rxd1 Rd8 27. Rxd8+ Bxd8
28. Qd2 Be7 29. Nge2 Nxe2 30. Bxe2 Qc7 31. Bd4 Nd7 32. g3 Bf6 1/2-1/2

[Event "83rd ch-UKR 2014"]
[Site "Lviv UKR"]
[Date "2014.11.16"]
[Round "6.1"]
[White "Eljanov, Pavel"]
[Black "Kuzubov, Yuriy"]
[Result "0-1"]
[WhiteTitle "GM"]
[BlackTitle "GM"]
[WhiteElo "2719"]
[BlackElo "2661"]
[WhiteFideId "14102951"]
[BlackFideId "14112906"]
[EventDate "2014.11.11"]

1. d4 Nf6 2. c4 e6 3. Nf3 Bb4+ 4. Nbd2 O-O 5. a3 Be7 6. e4 d6 7. Be2 Nbd7 8. O-O
e5 9. Qc2 exd4 10. Nxd4 Re8 11. b3 Bf8 12. Bb2 g6 13. Rfe1 c6 14. Bf1 Bg7 15.
Rad1 a5 16. g3 Qb6 17. Bg2 Nc5 18. h3 Nfd7 19. Ba1 h5 20. Nf1 Nf6 21. Kh1 Bd7
22. f3 Nh7 23. Bc3 Ng5 24. f4 Ngxe4 25. Bxe4 Nxe4 26. Rxe4 Rxe4 27. Qxe4 c5 28.
Ne2 Bc6 29. Rd5 Re8 30. Qd3 Bxd5+ 31. cxd5 Qxb3 32. Ne3 c4 33. Qd2 Qb1+ 34. Kg2
Qd3 35. Kf2 Bxc3 36. Qxd3 Be1+ 0-1

[Event "83rd ch-UKR 2014"]
[Site "Lviv UKR"]
[Date "2014.11.16"]
[Round "6.2"]
[White "Kovchan, Alexander"]
[Black "Ponomariov, Ruslan"]
[Result "1/2-1/2"]
[WhiteTitle "GM"]
[BlackTitle "GM"]
[WhiteElo "2585"]
[BlackElo "2711"]
[WhiteFideId "14103052"]
[BlackFideId "14103320"]
[EventDate "2014.11.11"]

1. e4 d6 2. d4 Nf6 3. Nc3 g6 4. Nf3 Bg7 5. Be2 O-O 6. O-O e6 7. h3 Nc6 8. Be3 a6
9. a4 b6 10. Qd2 Bb7 11. Rad1 Re8 12. Bg5 Qc8 13. Rfe1 e5 14. d5 Nd4 15. Be3
Nxe2+ 16. Qxe2 Nh5 17. g4 Nf4 1/2-1/2

[Event "83rd ch-UKR 2014"]
[Site "Lviv UKR"]
[Date "2014.11.16"]
[Round "6.3"]
[White "Moiseenko, Alexander"]
[Black "Korobov, Anton"]
[Result "1/2-1/2"]
[WhiteTitle "GM"]
[BlackTitle "GM"]
[WhiteElo "2701"]
[BlackElo "2680"]
[WhiteFideId "14102560"]
[BlackFideId "14105730"]
[EventDate "2014.11.11"]

1. d4 Nf6 2. c4 e6 3. Nf3 Bb4+ 4. Nbd2 O-O 5. a3 Be7 6. e4 d5 7. e5 Nfd7 8. Bd3
c5 9. cxd5 exd5 10. O-O Nc6 11. Re1 Qb6 12. Nf1 Nxd4 13. Nxd4 cxd4 14. b4 a5 15.
Ng3 g6 16. Rb1 axb4 17. axb4 Re8 18. f4 Bxb4 19. Bd2 Bxd2 20. Rxb6 Bxe1 21. Rb5
Bc3 22. h3 b6 23. Kh2 Ra2 24. Qf3 Nc5 25. Rxb6 Nxd3 26. Qxd3 Rf8 27. f5 Rd2 28.
Qf3 d3 29. fxg6 hxg6 30. Qxd5 Kg7 31. Ne4 Rb2 32. Nxc3 Rxb6 33. Qxd3 Be6 34. Ne2
Ra8 35. Nf4 Ra2 36. Qd8 Rbb2 37. h4 Rf2 38. Qg5 Kh7 39. h5 gxh5 40. Qxh5+ Kg8
41. Qg5+ Kf8 42. Qd8+ Kg7 43. Kg3 Rxf4 44. Qg5+ Kf8 45. Qxf4 Rc2 46. Qh6+ Kg8
47. Qg5+ Kh7 48. Kh4 Rf2 49. Qg3 Rf5 50. Qe3 Kg7 51. g4 Rf1 52. Qg5+ Kh7 53.
Qh5+ Kg8 54. Qg5+ Kh7 55. Qh5+ Kg8 56. Kg5 Rg1 57. Qh4 1/2-1/2

[Event "83rd ch-UKR 2014"]
[Site "Lviv UKR"]
[Date "2014.11.16"]
[Round "6.4"]
[White "Zubov, Alexander"]
[Black "Bogdanovich, Stanislav"]
[Result "1/2-1/2"]
[WhiteTitle "GM"]
[BlackTitle "IM"]
[WhiteElo "2588"]
[BlackElo "2590"]
[WhiteFideId "14109409"]
[BlackFideId "14115298"]
[EventDate "2014.11.11"]

1. d4 d5 2. c4 c6 3. cxd5 cxd5 4. Nc3 Nf6 5. Nf3 Nc6 6. Bf4 Nh5 7. Bd2 e6 8. Rc1
Bd6 9. e3 O-O 10. Bd3 f5 11. Ne5 Nf6 12. f4 Bd7 13. O-O 1/2-1/2

[Event "83rd ch-UKR 2014"]
[Site "Lviv UKR"]
[Date "2014.11.16"]
[Round "6.5"]
[White "Kryvoruchko, Yuriy"]
[Black "Areshchenko, Alexander"]
[Result "1/2-1/2"]
[WhiteTitle "GM"]
[BlackTitle "GM"]
[WhiteElo "2706"]
[BlackElo "2655"]
[WhiteFideId "14109182"]
[BlackFideId "14109530"]
[EventDate "2014.11.11"]

1. e4 c5 2. Nf3 d6 3. d4 cxd4 4. Nxd4 Nf6 5. Nc3 a6 6. Be3 e5 7. Nb3 Be6 8. f3
h5 9. Qd2 Nbd7 10. Nd5 Bxd5 11. exd5 g6 12. Be2 Bg7 13. Na5 Qc7 14. c4 e4 15.
O-O exf3 16. gxf3 O-O 17. Rac1 Rae8 18. b4 Rxe3 19. Qxe3 Re8 20. Qd2 Qb6+ 21.
Kh1 Bh6 22. f4 Ne4 23. Qe1 Nef6 24. Rb1 Ng4 25. Qd2 Ne3 26. Rf3 Ng4 27. Rff1 Ne3
28. Rf3 Ng4 29. Rff1 1/2-1/2

[Event "83rd ch-UKR 2014"]
[Site "Lviv UKR"]
[Date "2014.11.16"]
[Round "6.6"]
[White "Ivanchuk, Vassily"]
[Black "Zubarev, Alexander1"]
[Result "0-1"]
[WhiteTitle "GM"]
[BlackTitle "GM"]
[WhiteElo "2726"]
[BlackElo "2588"]
[WhiteFideId "14100010"]
[BlackFideId "14104385"]
[EventDate "2014.11.11"]

1. d4 Nf6 2. c4 e6 3. Nc3 Bb4 4. f3 O-O 5. a3 Bxc3+ 6. bxc3 Nh5 7. Nh3 f5 8. Bg5
Qe8 9. g4 fxg4 10. fxg4 Nf6 11. Qd3 d6 12. Bxf6 Rxf6 13. Bg2 Nc6 14. Be4 g6 15.
g5 Rf8 16. Nf2 e5 17. h4 Kg7 18. h5 Qf7 19. Qg3 gxh5 20. Bd5 Qg6 21. Ne4 Kh8 22.
O-O-O Ne7 23. Rdf1 Bf5 24. Nd2 Nxd5 25. cxd5 exd4 26. cxd4 Bg4 27. Rxf8+ Rxf8
28. Qe3 Qe8 29. Ne4 Kg7 30. Kd2 Rf7 31. Qd3 Re7 32. Ng3 Qg6 33. Rf1 Qxg5+ 34. e3
Qg6 35. e4 h4 36. Nf5+ Bxf5 37. exf5 Qg2+ 38. Kc3 Kf6 0-1

[Event "83rd ch-UKR 2014"]
[Site "Lviv UKR"]
[Date "2014.11.18"]
[Round "7.1"]
[White "Areshchenko, Alexander"]
[Black "Eljanov, Pavel"]
[Result "1/2-1/2"]
[WhiteTitle "GM"]
[BlackTitle "GM"]
[WhiteElo "2655"]
[BlackElo "2719"]
[WhiteFideId "14109530"]
[BlackFideId "14102951"]
[EventDate "2014.11.11"]

1. e4 e5 2. Nf3 Nc6 3. Bb5 Nf6 4. d3 Bc5 5. c3 d5 6. Nbd2 O-O 7. O-O dxe4 8.
dxe4 Qe7 9. h3 a5 10. a4 Nb8 11. Re1 Rd8 12. Qc2 Nbd7 13. Nf1 c6 14. Bc4 Nh5 15.
Bg5 Ndf6 16. Rad1 Rxd1 17. Rxd1 h6 18. Be3 b5 19. axb5 cxb5 20. Bxc5 Qxc5 21.
Bd5 Nxd5 22. Rxd5 Qb6 23. Rxe5 Nf4 24. Re8+ Kh7 25. Ng3 Qc6 26. Rd8 Qc7 27. e5+
Ng6 28. Qd1 Nf4 29. Qc2+ Ng6 30. Qd2 Nxe5 31. Ng5+ hxg5 32. Qxg5 Ra6 33. Qh4+
Rh6 34. Qe4+ Rg6 35. Rxc8 Qxc8 36. Qxe5 Qd7 37. Ne4 f6 38. Qh5+ Rh6 39. Qf3 Qe6
40. Qd3 Rg6 41. f4 b4 42. cxb4 Qb6+ 43. Kh2 Qxb4 44. Qd5 Qxb2 45. Qh5+ Rh6 46.
Qf5+ 1/2-1/2

[Event "83rd ch-UKR 2014"]
[Site "Lviv UKR"]
[Date "2014.11.18"]
[Round "7.2"]
[White "Ponomariov, Ruslan"]
[Black "Ivanchuk, Vassily"]
[Result "1/2-1/2"]
[WhiteTitle "GM"]
[BlackTitle "GM"]
[WhiteElo "2711"]
[BlackElo "2726"]
[WhiteFideId "14103320"]
[BlackFideId "14100010"]
[EventDate "2014.11.11"]

1. e4 c5 2. Nf3 d6 3. d4 cxd4 4. Nxd4 Nf6 5. Nc3 a6 6. Be3 e6 7. Be2 Be7 8. Qd2
O-O 9. O-O-O Nc6 10. f4 Qc7 11. Bf3 Na5 12. Qd3 Rb8 13. Kb1 b5 14. Bc1 Nc4 15.
b3 Re8 16. Rhe1 Nd7 17. Bh5 Bf6 18. Qf3 Bb7 19. f5 exf5 20. Nxf5 Qa5 21. Nd4 g6
22. Rf1 gxh5 23. Qxh5 Qxc3 24. Rxf6 Bxe4 25. Qg4+ Bg6 26. Rf3 Ne3 27. Rxe3 Rxe3
28. Bxe3 Rc8 29. Rd3 Qc7 30. Qg5 f6 31. Qg3 Kf7 32. Bh6 Ne5 1/2-1/2

[Event "83rd ch-UKR 2014"]
[Site "Lviv UKR"]
[Date "2014.11.18"]
[Round "7.3"]
[White "Korobov, Anton"]
[Black "Kryvoruchko, Yuriy"]
[Result "1/2-1/2"]
[WhiteTitle "GM"]
[BlackTitle "GM"]
[WhiteElo "2680"]
[BlackElo "2706"]
[WhiteFideId "14105730"]
[BlackFideId "14109182"]
[EventDate "2014.11.11"]

1. d4 Nf6 2. c4 e6 3. Nf3 b6 4. a3 Bb7 5. Nc3 d5 6. cxd5 Nxd5 7. Qc2 Nxc3 8.
Qxc3 h6 9. e3 Be7 10. Bb5+ c6 11. Be2 Nd7 12. O-O O-O 13. Rd1 Qc8 14. b3 c5 15.
Bb2 cxd4 16. Qxd4 Bf6 17. Qd2 Bxb2 18. Qxb2 Nf6 19. Rac1 Qb8 20. Ne5 Rd8 21. Rd4
Rd5 22. Rxd5 Bxd5 23. f3 Qd8 24. Rd1 Qe7 25. b4 Bb7 26. Qd4 Rc8 27. e4 Qc7 28.
Bc4 Qe7 29. Bb3 Qc7 30. a4 Qe7 31. Kf2 Qc7 32. h3 Qe7 33. g4 Qc7 34. Ke2 g5 35.
b5 Qe7 36. Rd3 Qc7 37. Rd1 Nh7 38. Qd6 Qxd6 39. Rxd6 Nf8 40. Nd7 Rc3 41. Bd1 Nh7
42. Kd2 Rc7 43. e5 Kg7 44. Bc2 Nf8 45. Nf6 Rc8 46. f4 gxf4 47. Nh5+ Kg8 48. Nxf4
Rc5 49. Nd3 Rc7 50. Nb4 Nd7 51. Nc6 a6 52. Nb8 Nxe5 53. Rd8+ Kg7 54. bxa6 Bd5
55. Bd3 Nxd3 56. Kxd3 Bc4+ 57. Ke3 Ra7 58. Rd7 Rxd7 59. Nxd7 Bxa6 60. Nxb6 Kg6
61. Kf4 h5 62. gxh5+ Kxh5 63. Kg3 f5 64. Nd7 Kg5 65. h4+ Kh5 66. a5 Bb5 67. Ne5
f4+ 68. Kxf4 Kxh4 69. Nf3+ Kh5 70. Ke5 Kg6 71. Kxe6 Bc4+ 72. Kd6 Kf6 73. Nd4 Bf1
74. Ne6 Kf7 75. Nc7 Kf6 76. Kd7 Kf7 77. Nd5 Be2 78. Nb6 Bb5+ 79. Kc7 Ke8 1/2-1/2

[Event "83rd ch-UKR 2014"]
[Site "Lviv UKR"]
[Date "2014.11.18"]
[Round "7.4"]
[White "Bogdanovich, Stanislav"]
[Black "Kovchan, Alexander"]
[Result "0-1"]
[WhiteTitle "IM"]
[BlackTitle "GM"]
[WhiteElo "2590"]
[BlackElo "2585"]
[WhiteFideId "14115298"]
[BlackFideId "14103052"]
[EventDate "2014.11.11"]

1. d4 Nf6 2. c4 g6 3. f3 d5 4. cxd5 Nxd5 5. e4 Nb6 6. Nc3 Bg7 7. Be3 O-O 8. Qd2
Nc6 9. O-O-O Qd6 10. Nb5 Qd7 11. Kb1 Rd8 12. d5 a6 13. Nc3 Qe8 14. Qc1 Ne5 15.
Be2 Nec4 16. Bd4 e5 17. Bc5 Bf8 18. Bxf8 Qxf8 19. h4 h6 20. Ka1 Bd7 21. b3 Nd6
22. f4 exf4 23. Nf3 Nb5 24. Bxb5 axb5 25. Qxf4 b4 26. Ne2 Re8 27. Ng3 Qc5 28.
Rd2 Qc3+ 29. Kb1 Bb5 30. Ne1 Nxd5 31. exd5 Rxa2 0-1

[Event "83rd ch-UKR 2014"]
[Site "Lviv UKR"]
[Date "2014.11.18"]
[Round "7.5"]
[White "Kuzubov, Yuriy"]
[Black "Zubov, Alexander"]
[Result "1-0"]
[WhiteTitle "GM"]
[BlackTitle "GM"]
[WhiteElo "2661"]
[BlackElo "2588"]
[WhiteFideId "14112906"]
[BlackFideId "14109409"]
[EventDate "2014.11.11"]

1. c4 e6 2. Nc3 d5 3. d4 Nf6 4. cxd5 exd5 5. Bg5 c6 6. Qc2 Be7 7. e3 Nbd7 8. Bd3
Nh5 9. Bxe7 Qxe7 10. Nge2 g6 11. Rb1 O-O 12. O-O Ndf6 13. b4 a6 14. a4 Ng7 15.
b5 axb5 16. axb5 Bf5 17. Nf4 Ra3 18. bxc6 bxc6 19. Rb6 Bd7 20. Na4 Ra8 21. Nc5
Be8 22. h3 Qc7 23. Rb7 Qd6 24. Be2 Nd7 25. Ncd3 Ra2 26. Rb2 Ra1 27. Nb4 Nf8 28.
Nfd3 Nf5 29. Rbb1 Rxb1 30. Rxb1 Ne7 31. Rc1 Ra3 32. Qb2 Ra8 33. Qc3 Ne6 34. Ne5
Kf8 35. Na6 Kg8 36. Rb1 Nc7 37. Nxc7 Qxc7 38. g4 f6 39. Nd3 Rb8 40. Ra1 Nc8 41.
Nc5 Qe7 42. Ra6 Nd6 43. Qa3 Nc4 44. Bxc4 dxc4 45. Ra7 Rb1+ 46. Kg2 Qd8 47. Rg7+ 1-0

[Event "83rd ch-UKR 2014"]
[Site "Lviv UKR"]
[Date "2014.11.18"]
[Round "7.6"]
[White "Zubarev, Alexander1"]
[Black "Moiseenko, Alexander"]
[Result "0-1"]
[WhiteTitle "GM"]
[BlackTitle "GM"]
[WhiteElo "2588"]
[BlackElo "2701"]
[WhiteFideId "14104385"]
[BlackFideId "14102560"]
[EventDate "2014.11.11"]

1. e4 c5 2. Nf3 e6 3. c3 Nf6 4. e5 Nd5 5. d4 cxd4 6. cxd4 d6 7. Bc4 Nc6 8. O-O
Be7 9. Qe2 O-O 10. Re1 b6 11. a3 dxe5 12. dxe5 Bb7 13. b4 Rc8 14. Nbd2 Nf4 15.
Qe4 Nxg2 16. Kxg2 Na5 17. bxa5 Bxe4 18. Rxe4 bxa5 19. h4 Qb6 20. Rb1 Qc6 21. h5
Rb8 22. Ra1 h6 23. Ra2 Rfd8 24. Rc2 Rbc8 25. Rg4 Kh8 26. Rc3 Bg5 27. Ne4 Bxc1
28. Rxc1 Qxc4 29. Rxc4 Rxc4 30. Rf4 Rd3 31. Nh4 Rxa3 32. f3 Rc7 33. Nd6 Kg8 34.
Rd4 Ra1 35. Ne4 a4 36. Rd8+ Kh7 37. Kg3 a3 38. Nd6 Rg1+ 0-1

[Event "83rd ch-UKR 2014"]
[Site "Lviv UKR"]
[Date "2014.11.19"]
[Round "8.1"]
[White "Kovchan, Alexander"]
[Black "Kuzubov, Yuriy"]
[Result "0-1"]
[WhiteTitle "GM"]
[BlackTitle "GM"]
[WhiteElo "2585"]
[BlackElo "2661"]
[WhiteFideId "14103052"]
[BlackFideId "14112906"]
[EventDate "2014.11.11"]

1. e4 c5 2. Nf3 d6 3. d4 cxd4 4. Nxd4 Nf6 5. Nc3 a6 6. Be3 e5 7. Nb3 Be6 8. Qd2
Nbd7 9. f3 h5 10. Nd5 Bxd5 11. exd5 g6 12. Be2 Bg7 13. O-O b6 14. a4 O-O 15. a5
b5 16. Rac1 Qb8 17. Rfd1 Qb7 18. h3 Rac8 19. g4 hxg4 20. hxg4 Rfd8 21. c3 e4 22.
g5 exf3 23. Bxf3 Ne5 24. Qg2 Nxf3+ 25. Qxf3 Nd7 26. Bd4 Ne5 27. Qg2 b4 28. Nd2
bxc3 29. bxc3 Nd3 30. Rb1 Qe7 31. Ne4 Nf4 32. Qf3 Nh3+ 33. Qxh3 Qxe4 34. Bxg7
Kxg7 35. Rb7 Rb8 36. Rb4 Qe5 37. Rg4 Rh8 38. Qg3 Qf5 39. Rf1 Rh1+ 0-1

[Event "83rd ch-UKR 2014"]
[Site "Lviv UKR"]
[Date "2014.11.19"]
[Round "8.2"]
[White "Eljanov, Pavel"]
[Black "Korobov, Anton"]
[Result "1/2-1/2"]
[WhiteTitle "GM"]
[BlackTitle "GM"]
[WhiteElo "2719"]
[BlackElo "2680"]
[WhiteFideId "14102951"]
[BlackFideId "14105730"]
[EventDate "2014.11.11"]

1. d4 d5 2. c4 e6 3. Nf3 Nf6 4. g3 dxc4 5. Bg2 Bb4+ 6. Bd2 a5 7. a3 Be7 8. Qa4+
Bd7 9. Qxc4 Bc6 10. O-O Nbd7 11. Nc3 Ne4 12. Bf4 Nxc3 13. bxc3 Bd6 14. Bg5 Be7
15. Bxe7 Qxe7 16. Nd2 Bxg2 17. Kxg2 Rc8 18. Rab1 b6 19. Qc6 O-O 20. Nc4 Nb8 21.
Qb5 Qe8 22. e4 Qxb5 23. Rxb5 Rcd8 24. a4 Rfe8 25. f4 Nc6 26. Kf3 f6 27. Ke3 Kf7
28. g4 h6 29. h4 g6 30. h5 Rg8 31. hxg6+ Rxg6 32. Kf3 Rdg8 33. Rg1 Ke7 34. Rh5
Nd8 35. Ne3 Nf7 36. Rgh1 Kd7 37. Ke2 c6 38. Rb1 Kc7 39. Kf3 e5 40. dxe5 fxe5 41.
Rf5 R8g7 42. fxe5 Ng5+ 43. Kf4 Ne6+ 44. Kg3 Ng5 45. Kh4 Nxe4 46. Rbf1 Nxc3 47.
Rf7+ Rxf7 48. Rxf7+ Kd8 49. Nf5 Ne4 50. Rb7 c5 51. Ne3 Kc8 52. Rf7 Kd8 53. Nc4
Ke8 54. Rf4 Ng5 55. Kh5 Re6 56. Rf6 Rxf6 57. exf6 Kf7 58. Nxb6 Kxf6 59. Nd7+ Ke7
60. Nxc5 Nf7 61. Nb3 Kd6 62. Nxa5 Kc5 63. Nb3+ Kb4 64. a5 Kb5 65. Nd4+ Kxa5 66.
Nf3 Kb6 67. Kg6 Nd6 68. Kxh6 Kc7 69. Kg7 Ne4 70. Kf7 Kd6 71. Kf8 Nf6 1/2-1/2

[Event "83rd ch-UKR 2014"]
[Site "Lviv UKR"]
[Date "2014.11.19"]
[Round "8.3"]
[White "Moiseenko, Alexander"]
[Black "Kryvoruchko, Yuriy"]
[Result "1/2-1/2"]
[WhiteTitle "GM"]
[BlackTitle "GM"]
[WhiteElo "2701"]
[BlackElo "2706"]
[WhiteFideId "14102560"]
[BlackFideId "14109182"]
[EventDate "2014.11.11"]

1. d4 Nf6 2. c4 e6 3. Nc3 Bb4 4. Nf3 b6 5. Bg5 h6 6. Bh4 g5 7. Bg3 Ne4 8. Qc2
Bb7 9. e3 Bxc3+ 10. bxc3 Nxg3 11. hxg3 h5 12. a4 Nc6 13. Nd2 g4 14. Nb3 Qg5 15.
a5 Nxa5 16. Nxa5 bxa5 17. e4 f5 18. Bd3 fxe4 19. Bxe4 Bxe4 20. Qxe4 Rb8 21. O-O
h4 22. Rfb1 Rxb1+ 23. Rxb1 Ke7 24. gxh4 Qxh4 25. Kf1 Rf8 26. g3 Qh2 27. Rb2 Qh3+
28. Ke1 Rf5 29. Re2 Qh6 30. Kd1 Rf3 31. Kc2 Qh5 32. c5 c6 33. Kb2 Kd8 34. Rc2
Kc8 35. Qe2 Qf5 36. Ka3 Kd8 37. Ka4 Qd5 38. Qa6 Ke7 39. Qe2 Kf7 40. Qa6 Qe4 41.
Qe2 Qd5 42. Kxa5 Qb3 43. Ka6 Ke7 44. Qd2 Ke8 45. Rb2 Qa3+ 46. Kb7 Qxc3 47. Kxa7
Qa3+ 48. Kb8 Rd3 49. Qc2 Kd8 50. Rb7 Qc3 51. Qb1 Qxd4 52. Qb6+ Ke8 53. Kc8 Qf6
54. Qc7 Qe7 55. Rb4 Qg5 56. Rb1 Kf7 57. Rb4 e5 58. Re4 Rd5 59. Qa7 Qf5 60. Qa4
Rxc5 61. Rxg4 Qe6 62. Rh4 d5+ 63. Kd8 Qd6+ 64. Kc8 Qe6+ 65. Kd8 Qe7+ 66. Kc8
Qe8+ 67. Kc7 Rb5 68. Qa7 Kg6 69. Kd6 Qd8+ 70. Kxc6 Qe8+ 71. Kd6 Qd8+ 72. Kc6
Qe8+ 73. Kd6 Qf8+ 74. Kc6 Qe8+ 1/2-1/2

[Event "83rd ch-UKR 2014"]
[Site "Lviv UKR"]
[Date "2014.11.19"]
[Round "8.4"]
[White "Zubov, Alexander"]
[Black "Areshchenko, Alexander"]
[Result "1-0"]
[WhiteTitle "GM"]
[BlackTitle "GM"]
[WhiteElo "2588"]
[BlackElo "2655"]
[WhiteFideId "14109409"]
[BlackFideId "14109530"]
[EventDate "2014.11.11"]

1. e4 c5 2. Nf3 d6 3. d4 cxd4 4. Qxd4 Nf6 5. Bb5+ Bd7 6. Bxd7+ Qxd7 7. O-O Nc6
8. Qd3 e6 9. c4 Ne5 10. Qe2 Qc6 11. Nfd2 g5 12. Nc3 Bg7 13. b3 a6 14. Nf3 Nxf3+
15. Qxf3 h6 16. Rd1 O-O 17. Ba3 Rfd8 18. Rac1 Rac8 19. h4 Nh7 20. hxg5 Nxg5 21.
Qe2 Kh8 22. Qe3 b5 23. cxb5 axb5 24. Bb4 Qb7 25. Qe2 Be5 26. Qxb5 Qa7 27. Qd3
Qb7 28. a3 Rg8 29. Kf1 Rc6 30. g3 f5 31. exf5 Rc7 32. Ke2 exf5 33. Nd5 Rh7 34.
f4 Ne4 35. fxe5 dxe5 36. Be1 Rhg7 37. Rc4 Nxg3+ 38. Kd2 f4 39. Kc2 e4 40. Qd4
Nf5 41. Qf6 Rb8 42. Bb4 1-0

[Event "83rd ch-UKR 2014"]
[Site "Lviv UKR"]
[Date "2014.11.19"]
[Round "8.5"]
[White "Zubarev, Alexander1"]
[Black "Ponomariov, Ruslan"]
[Result "0-1"]
[WhiteTitle "GM"]
[BlackTitle "GM"]
[WhiteElo "2588"]
[BlackElo "2711"]
[WhiteFideId "14104385"]
[BlackFideId "14103320"]
[EventDate "2014.11.11"]

1. e4 c5 2. Nf3 e6 3. c4 Nc6 4. Nc3 Nge7 5. d4 Nxd4 6. Nxd4 cxd4 7. Qxd4 Nc6 8.
Qd1 Bc5 9. Be2 O-O 10. O-O d6 11. b3 e5 12. Qd2 Be6 13. Bb2 a6 14. Bd3 h6 15.
Kh1 Qg5 16. Qe1 Nb4 17. Rd1 b5 18. cxb5 Nxd3 19. Rxd3 axb5 20. Rg3 Qh5 21. Qd2
Kh7 22. f4 f5 23. exf5 Qxf5 24. Nxb5 Rxa2 25. Rgf3 Qg6 26. b4 Rb8 27. Rg3 Qf5
28. Nxd6 Rxb2 29. Rxg7+ Kh8 30. Qxb2 Bxd6 31. Rg3 Rxb4 32. Qa1 Rxf4 33. Rxf4
Qxf4 34. Rg6 Qf7 35. Rxh6+ Kg7 36. Rh4 Qf2 37. Ra4 Kf6 38. Qd1 Bd5 39. Qg1 Qe2
40. Ra1 Ke6 41. Qf1 Qxf1+ 42. Rxf1 e4 43. Rc1 Bb4 44. Kg1 Bd2 45. Rc2 e3 46. Kf1
Bb3 47. Rc8 Kd7 48. Rc5 Kd6 49. Rc8 Ba4 50. Rb8 Kc7 51. Rb1 Bc2 52. Ra1 Bd3+ 53.
Kg1 Kd6 54. g3 Ke5 55. h3 Bc4 56. Kg2 Bd5+ 57. Kf1 Bf3 58. Kg1 Ke4 59. Ra7 Kd3
60. Re7 Bb4 61. Re8 Be1 62. Kf1 Bxg3 63. Rd8+ Ke4 64. Re8+ Be5 65. h4 Bh5 66.
Re7 Kf5 67. Kg2 e2 0-1